[Event "WYCC 2018 O18"]
[Site "Halkidiki"]
[Date "2018.10.21"]
[Round "2"]
[White "Triapishko, Alexandr"]
[Black "Mitrabha, Guha"]
[Result "1-0"]
[WhiteElo "2508"]
[BlackElo "2352"]
[Annotator "TA"]
[PlyCount "115"]
[EventDate "2018.10.20"]
[EventType "swiss"]
[EventCountry "GRE"]
[SourceTitle "playchess.com"]
[Source "ChessBase"]
[SourceQuality "1"]

{[%evp 9,115,16,18,0,1,0,5,-1,19,17,15,5,20,24,33,33,61,63,67,38,37,36,30,35,37,37,44,38,44,23,24,24,37,33,33,33,33,32,34,39,66,66,66,66,66,66,66,66,66,64,66,67,81,68,98,96,140,135,182,186,203,0,56,0,0,0,0,-241,-244,-249,0,0,0,0,0,0,0,0,0,0,0,0,0,3,72,0,110,114,120,110,207,192,316,314,803,803,803,803,800,797,728,722,993,982,935,928,847,845]} 1. e4 c6 2. d4 d5 3. exd5 cxd5 4. Nf3 Nf6 5. Ne5 g6 (5... Nc6 6. Bb5 Bd7 7. Nxd7 Qxd7 8. c3 e6 9. O-O Bd6 10. Nd2 O-O 11. Re1 a6 12. Bd3 e5 13. dxe5 Nxe5 {1-0 (52) Kramnik,V (2787)-Caruana,F (2811) Wijk aan Zee 2018}) 6. Bd3 {B13: Caro-Kann: Exchange Variation and Panov-Botvinnik Attack} Bg7 7. O-O O-O 8. Re1 {The position is equal.} Nfd7 $146 ({Predecessor:} 8... Nc6 9. c3 Nxe5 10. dxe5 Nd7 11. Bf4 Nc5 {1-0 (34) Diamant,A (2515)-Gurevich,D (2455) chess.com INT 2017}) 9. Nxd7 Nxd7 10. Nc3 Nf6 {[%cal Bd7f6,Bf6e4,Be4d2][%mdl 32]} 11. Bf4 Bg4 12. Qd2 Bf5 13. Bxf5 gxf5 14. Be5 e6 15. Ne2 Ne4 16. Qe3 Bxe5 17. dxe5 Qb6 18. Qxb6 axb6 19. c3 Rfc8 20. a3 Nd2 21. Nd4 Kf8 22. Re2 Nc4 23. Rd1 Ke7 24. Rd3 Rg8 25. Rh3 Rg4 {Black wants to play ...Re4.} 26. f3 ({Reject} 26. Rxh7 Re4 $15) 26... Rg7 27. f4 Rag8 28. g3 Rh8 29. Rh5 Rg6 30. Kf2 Kf8 31. Kf3 Kg7 32. h3 Rg8 33. g4 Kf8 {[%cal Rf5g4]} 34. b3 $1 {[%cal Rb3c4]} (34. gxf5 Rg3+ 35. Kf2 Rg2+ 36. Kf1 Rg1+ 37. Kf2 R8g2+ 38. Kf3 Rg3+ 39. Kf2 Nxb2 $1 $19 {[%mdl 512]}) ({Not} 34. Rxh7 fxg4+ 35. hxg4 Rxg4 $11) 34... Nxa3 {[%cal Rf5g4]} 35. gxf5 $2 (35. Ra2 $18 Nb1 36. Rxh7) 35... Rg3+ $11 36. Kf2 Nb1 $1 {[%cal Rb1c3]} 37. fxe6 {Hoping for e7+!} Rg2+ 38. Ke1 $2 (38. Ke3 $11 {and White has nothing to worry.} R8g3+ 39. Nf3 Rxe2+ 40. Kxe2 Nxc3+ 41. Kf2 Ne4+ 42. Ke3) 38... Rg1+ $19 39. Kf2 R1g2+ $2 (39... Nxc3 $19 {( -> ...Nd1+)} 40. e7+ Kxe7 41. Nf5+ Kd8) 40. Ke3 R8g3+ 41. Nf3 Rxe2+ 42. Kxe2 {aiming for Kf2.} Nxc3+ $11 {[%mdl 4096] Endgame KRN-KRN} 43. Kf2 Ne4+ 44. Ke3 {And now exf7 would win.} fxe6 45. f5 exf5 46. Kf4 Rg7 (46... Rg2 $11) 47. Nd4 (47. e6 $1 $16) 47... Nc5 (47... Rg1 $11 {remains equal.}) 48. e6 $1 $16 Nd3+ 49. Kxf5 Ke7 (49... Nb4 $16 {might work better.}) 50. Rh6 $1 $18 {[%mdl 1024] White has strong compensation.} Nb4 {[#]} (50... b5 $142 51. Nxb5 Nb4) 51. Kf4 $1 {Threatens to win with Nf5+.} Nd3+ $2 {[#]} (51... Kd8 52. Nf5 Rg6) 52. Ke3 $1 {White is clearly winning.} Rg3+ 53. Kd2 {Black must now prevent Nf5+.} Kd8 54. Rxh7 Nc5 55. Rh8+ Kc7 56. e7 Ne4+ 57. Ke2 Nf6 58. Rf8 {Precision: White = 71%, Black = 38%.} 1-0

[Event "WYCC 2018 O18"]
[Site "Halkidiki"]
[Date "2018.10.21"]
[Round "2"]
[White "Gholami, Aryan"]
[Black "Ahmadzada, Ahmad"]
[Result "1/2-1/2"]
[WhiteElo "2493"]
[BlackElo "2343"]
[Annotator "TA"]
[PlyCount "87"]
[EventDate "2018.10.20"]
[EventType "swiss"]
[EventCountry "GRE"]
[SourceTitle "playchess.com"]
[Source "ChessBase"]
[SourceQuality "1"]

{[%evp 28,87,38,42,68,30,35,0,0,0,0,0,18,0,0,-12,-9,-14,-8,0,-2,-6,-8,-47,-55,-75,-79,-91,-91,-93,-103,-98,-98,-181,-180,-254,-245,-240,-261,-250,-245,-235,0,0,0,-222,-209,-185,0,-613,0,0,0,0,0,0,0,0,0,0,0,0]} 1. Nf3 Nf6 2. g3 g6 3. b3 Bg7 4. Bb2 O-O 5. Bg2 c5 6. c4 Nc6 7. O-O d6 8. d4 cxd4 9. Nxd4 Bd7 10. Nc3 Nxd4 11. Qxd4 Bc6 12. Nd5 Ne8 13. Qd2 Bxb2 14. Qxb2 Nc7 15. e4 {LiveBook: 5 Games. E60: King's Indian: Unusual lines and Fianchetto Variation without Nc3} (15. Rfd1 Nxd5 16. Bxd5 Rc8 17. h4 Qb6 18. Rac1 Bxd5 19. Rxd5 Rc5 20. Rd4 Rfc8 21. Qd2 Qc7 22. a4 a5 {1-0 (37) Hansen,S (2589)-Ernst,T (2346) Lund 2018}) 15... a5 $146 ({Predecessor:} 15... f6 16. Rad1 a5 17. Rfe1 Ra6 18. Nf4 e5 19. Ne2 Ne6 20. Qd2 Be8 21. f4 Qe7 22. f5 Nc5 {0-1 (36) Noah,A (2299)-Khodashenas,M (2404) Baghdad 2018}) 16. h4 e5 17. f4 {White is slightly better.} Bxd5 18. exd5 exf4 19. Rxf4 f5 (19... Na6 {is more complex.} 20. Raf1 Nc5 21. Qd2 Qe7 22. Re1 Qd8) 20. Qf2 Na6 21. g4 fxg4 22. Rf1 Nc5 23. Rxf8+ Qxf8 24. Qg3 $132 {[%mdl 2048] White puts up resistance} Qe7 25. a3 Rf8 26. Rxf8+ Kxf8 27. b4 axb4 $1 28. axb4 Nd7 $1 29. Qxg4 Qe3+ 30. Kf1 (30. Kh2 $17) 30... Ne5 $1 $19 {[%cal Re5g4]} 31. Qc8+ (31. Qg5 $142 Qd3+ 32. Kf2) 31... Kg7 32. Qxb7+ Kh6 {( -> ...Ng4)} 33. Qe7 Qc1+ (33... Nxc4 34. Qxe3+ Nxe3+ 35. Kf2 $14) 34. Kf2 Nd3+ $2 ({And not} 34... Qxc4 35. Qf8+ Kh5 36. Bf3+ Nxf3 37. Qxf3+ Kxh4 38. Qg3+ Kh5 39. Qxd6 $11) (34... Qd2+ $1 $19 35. Kf1 Qd1+ 36. Kf2 Qd4+ 37. Kf1 Qxc4+ 38. Kg1 Qd4+ 39. Kh2 Qf4+ 40. Kh1 Qxb4 41. Qg5+ Kg7 42. Qe7+ Nf7) 35. Kf3 $11 Ne5+ $2 (35... Qf4+ $11 36. Ke2 Nc1+ 37. Ke1 Nd3+ 38. Ke2 Nc1+ 39. Kd1 Nd3 40. Ke2) 36. Kf2 $19 {[#]} Qd2+ $1 ({Stronger than} 36... Qxc4 37. Qf8+ Kh5 38. Bf3+ Nxf3 39. Qxf3+ Kxh4 40. Qg3+ Kh5 41. Qxd6 $11) 37. Kf1 {[#]} Qxb4 $2 ({Better is} 37... Qd1+ $1 $19 38. Kf2 Qd4+ 39. Kf1 Qxc4+ 40. Kg1 Qd4+ 41. Kh2 Qf4+ 42. Kh1 Qxb4 43. Qg5+ Kg7 44. Qe7+ Nf7) 38. Qf8+ $11 Kh5 {Strongly threatening ...Qb1+.} 39. Bf3+ $1 {The position is equal.} Nxf3 40. Qxf3+ Kxh4 41. Qf4+ Kh5 42. Qf3+ Kg5 43. Qe3+ Kf5 44. Qf3+ {Precision: White = 42%, Black = 57%.} 1/2-1/2

[Event "WYCC 2018 O18"]
[Site "Halkidiki"]
[Date "2018.10.21"]
[Round "2"]
[White "Costachi, Mihnea"]
[Black "Banzea, Alexandru-Bogdan"]
[Result "1/2-1/2"]
[WhiteElo "2484"]
[BlackElo "2313"]
[Annotator "TA"]
[PlyCount "35"]
[EventDate "2018.10.20"]
[EventType "swiss"]
[EventCountry "GRE"]
[SourceTitle "playchess.com"]
[Source "ChessBase"]
[SourceQuality "1"]

{[%evp 24,25,0,0]} 1. d4 Nf6 2. c4 g6 3. Nf3 Bg7 4. g3 c6 5. Bg2 d5 6. Nbd2 O-O 7. O-O Bf5 8. b3 Ne4 9. Bb2 Qa5 10. Nxe4 {D78: Fianchetto Grünfeld: 6 0-0 c6} Bxe4 11. Qd2 Qxd2 12. Nxd2 Bxg2 13. Kxg2 {[#] LiveBook: 4 Games} {Predecessor:} Rd8 $146 14. Rac1 Na6 15. Nf3 c5 16. e3 cxd4 17. Bxd4 Bxd4 18. Nxd4 {½-½ (28) Neverov,V (2498)-Areshchenko,A (2667) Gjakova 2016} 1/2-1/2

[Event "WYCC 2018 O18"]
[Site "Halkidiki"]
[Date "2018.10.21"]
[Round "2"]
[White "Radovanovic, Mihajlo"]
[Black "Szabo, Marton Mihaly"]
[Result "0-1"]
[WhiteElo "2466"]
[BlackElo "2307"]
[Annotator "TA"]
[PlyCount "96"]
[EventDate "2018.10.20"]
[EventType "swiss"]
[EventCountry "GRE"]
[SourceTitle "playchess.com"]
[Source "ChessBase"]
[SourceQuality "1"]

{[%evp 20,96,9,10,14,12,14,3,24,9,26,18,27,10,25,0,30,-31,-35,-29,-22,-47,-39,-85,-87,-132,-122,-132,0,-6,-7,-4,-12,-8,-11,-31,-23,-39,-11,-14,-16,-28,-29,-36,0,0,0,-18,0,-85,-73,-58,-22,-158,-143,-299,-189,-244,-231,-248,-237,-636,-222,-306,-240,-238,-241,-278,-8,-9,0,0,0,-920,-444,-29971,-29972,-5531,-5422]} 1. d4 Nf6 2. Nf3 e6 3. Bf4 c5 4. e3 Nc6 5. c3 d5 6. Nbd2 cxd4 7. exd4 {D02: 1 d4 d5 2 Nf3 sidelines, including 2...Nf6 3 g3 and 2...Nf6 3 Bf4} Nh5 8. Be3 Bd6 9. Ne5 (9. Bd3 Nf4 10. Bxf4 Bxf4 11. g3 Bd6 12. O-O O-O 13. Re1 Bd7 14. h4 h6 {1-0 (44) Caruana,F (2822)-Aronian,L (2767) chess.com INT 2018}) 9... g6 10. Nd3 Ng7 11. g3 {LiveBook: 3 Games} O-O 12. Bg2 b6 13. O-O $146 ({Predecessor:} 13. Nf3 a5 14. O-O Ba6 {½-½ (56) Parkhov,Y (2364)-Bohus,A (2231) Bad Blankenburg 2018}) 13... Bb7 14. Nf3 Qc7 15. Re1 f6 16. Rc1 Rae8 17. Bh6 Rf7 18. c4 ({White should try} 18. h4 $11) 18... dxc4 $15 19. Rxc4 Qd7 20. Bxg7 Kxg7 21. Qc1 Ne7 22. Nh4 {[#]} Ba6 $1 23. Rc3 {[#]} Nd5 (23... g5 $1 $17 {[%cal Rg5h4]} 24. Nf3 Rff8) 24. Bxd5 $1 $11 exd5 25. Rxe8 Qxe8 26. Ng2 Re7 27. Ne3 Bb7 28. Ng4 {And now Qh6+ would win.} Re6 29. Qh6+ Kg8 30. Kg2 {Threatening Nf4.} f5 31. Ne3 $1 Bf8 32. Qg5 Be7 33. Qh6 Bf8 34. Qh4 (34. Qg5 $11 {keeps the balance.}) 34... Re4 $36 {[%mdl 2048] White is under strong pressure.} 35. Nf4 Be7 36. Qh3 (36. Qh6 $11 {was the only way to keep the balance.} Bb4 37. Rd3 (37. Rc7 Re7 $17)) 36... Bd6 37. Ne2 $2 (37. Nc2 $17) 37... b5 38. a3 (38. b4 $142) 38... a5 $19 39. Rd3 b4 40. axb4 $2 (40. Ng1) 40... axb4 $2 (40... Ba6 41. Nxd5 Qa8) 41. Ng1 {[%cal Be2g1,Bg1f3,Bf3g5][%mdl 32]} Ba6 42. Rd2 b3 43. Nf3 {If only White now had time for Ng5....} Bc4 $2 ({Black should play} 43... h5 $19 44. Kh1 Bb4) 44. Ng5 $1 $11 ({Much worse is} 44. Nxc4 dxc4 45. Ng5 Re7 $17) 44... Qe7 45. Qh6 {aiming for Rd1.} f4 $1 {[%cal Rf4e3]} 46. Ng4 $2 {[%mdl 8192]} (46. Nxc4 $11 dxc4 47. Nxe4 Qxe4+ 48. f3) 46... fxg3 (46... Re1 $142 {( -> ...Bf1+)} 47. Qxh7+ Qxh7 48. Nxh7 Bb4 49. Nhf6+ Kg7 50. Ne8+ Rxe8) 47. f3 (47. Qxh7+ $19 Qxh7 48. Nxh7 Kxh7 49. Nf6+ Kg7 50. Nxe4 dxe4 51. hxg3) 47... Rxg4 48. fxg4 Bf4 {Precision: White = 27%, Black = 49%.} 0-1

[Event "WYCC 2018 O18"]
[Site "Halkidiki"]
[Date "2018.10.21"]
[Round "2"]
[White "Janik, Igor"]
[Black "Risting, Eivind Olav"]
[Result "1-0"]
[WhiteElo "2453"]
[BlackElo "2299"]
[Annotator "TA"]
[PlyCount "47"]
[EventDate "2018.10.20"]
[EventType "swiss"]
[EventCountry "GRE"]
[SourceTitle "playchess.com"]
[Source "ChessBase"]
[SourceQuality "1"]

{[%evp 24,47,0,0,15,11,18,2,52,0,103,95,223,231,275,273,706,691,743,701,921,921,886,866,866,847]} 1. d4 Nf6 2. c4 e6 3. g3 d5 4. Nf3 dxc4 5. Bg2 c5 6. O-O Nc6 7. Ne5 Bd7 8. Na3 {[%cal Bb1a3,Ba3c4,Bc4e5][%mdl 32]} cxd4 9. Naxc4 Be7 10. Bf4 {E04: Open Catalan: 5 Nf3} (10. Qb3 Qc7 11. Bf4 Nh5 12. Nxc6 Nxf4 13. Nxe7 Nxg2 14. Qb4 a5 15. Nd5 exd5 16. Nd6+ Kf8 17. Qa3 Kg8 {0-1 (42) Adly,A (2620)-Harikrishna,P (2743) Batumi 2018}) 10... Rc8 11. Qb3 Nd5 12. Qxb7 Nxe5 13. Nxe5 {LiveBook: 5 Games. Hoping for Rfc1.} Nxf4 14. gxf4 {Threatens to win with Rac1.} Rc7 15. Qe4 Bc5 16. Rac1 {[#]} (16. Rfc1 $14) 16... Bb5 $146 {[#]} (16... O-O $11 {keeps the balance.}) ({Predecessor:} 16... Bb6 17. Nxd7 Rxd7 {½-½ (26) Sebenik,M (2504)-Drozdovskij,Y (2627) Rijeka 2010}) 17. b4 $1 $16 Bb6 {[#]} (17... Be7 $16) 18. Rxc7 $1 $18 Bxc7 19. Qb7 Bxe2 $2 (19... Bd7 20. Nxd7 Kxd7 21. Qxa7 (21. Rc1 Qb8 $14) 21... d3) 20. Rc1 {White is clearly winning.} O-O {Strongly threatening ...Bxe5.} 21. Rxc7 d3 22. Rxf7 Rxf7 23. Qxf7+ Kh8 24. Qxe6 1-0

[Event "WYCC 2018 O18"]
[Site "Halkidiki"]
[Date "2018.10.21"]
[Round "2"]
[White "Gumularz, Szymon"]
[Black "Alexiadis, Hristos"]
[Result "1-0"]
[WhiteElo "2441"]
[BlackElo "2263"]
[Annotator "TA"]
[PlyCount "83"]
[EventDate "2018.10.20"]
[EventType "swiss"]
[EventCountry "GRE"]
[SourceTitle "playchess.com"]
[Source "ChessBase"]
[SourceQuality "1"]

{[%evp 13,83,27,41,0,26,20,36,44,62,47,65,21,25,46,34,11,21,23,45,41,48,17,243,241,248,241,232,220,203,206,203,204,316,307,316,286,297,217,204,221,254,254,285,243,304,304,302,279,360,356,427,427,566,586,568,583,635,594,634,628,596,592,1054,1066,1182,1077,2626,2473,2603,2275,2303,2291]} 1. d4 Nf6 2. c4 e6 3. Nc3 Bb4 4. Qc2 O-O 5. Nf3 d6 6. Bd2 c5 7. dxc5 {E32: Nimzo-Indian: Classical (4 Qc2): 4...0-0} dxc5 {LiveBook: 19 Games} (7... Bxc5 8. e3 Nc6 9. a3 a6 10. Bd3 Ba7 11. O-O h6 12. h3 Qe7 13. Rad1 Bd7 14. Rfe1 Rac8 {0-1 (39) Nihal,S (2551)-Jakovenko,D (2749) Ankara 2018}) 8. O-O-O (8. a3 $5 {[%cal Ra3b4]} Ba5 9. e3 $11) 8... Qe7 9. a3 {White has an edge.} Ba5 10. Bf4 {Bd6 is the strong threat.} Rd8 11. Rxd8+ Bxd8 $146 ({Predecessor:} 11... Qxd8 12. e3 Bxc3 13. Qxc3 b6 14. Bd3 Bb7 {1-0 (46) Whiteley,A-Williams,A Blackpool/ Lancashire 1971}) 12. e3 Nc6 13. Bd3 h6 14. h3 b6 15. Ne4 $36 {[%mdl 2048] White has some pressure.} Nxe4 16. Bxe4 Bb7 17. Rd1 Bc7 $2 {[#]} (17... f5 $11 {and Black is okay.} 18. Bd3 Bc7) 18. Qa4 $1 $18 Bxf4 19. Bxc6 Bg5 20. Rd7 Bxc6 21. Qxc6 Qe8 {[#]} 22. Ne5 $1 Rd8 (22... Rc8 $142 23. Qb7 Rd8 24. Qxa7 Rxd7 25. Nxd7 (25. Qxd7 Qf8 $16) 25... Bd8) 23. Rxa7 Qxc6 24. Nxc6 {[%mdl 4096] Endgame KRB-KRN} Rc8 25. Ne7+ Bxe7 26. Rxe7 {KR-KR} Ra8 27. Rb7 Ra6 28. Kc2 g5 29. Kb3 Kg7 30. Ka2 Kg6 31. b3 f5 32. Kb2 {White is clearly winning.} h5 33. b4 cxb4 34. axb4 {[%cal Ba3b4,Bb4b5][%mdl 32]} Kf6 35. b5 Ra4 36. Kb3 Ra1 37. Rxb6 Rf1 38. c5 {[%cal Bc4c5,Bc5c6][%mdl 32]} Ke5 39. c6 {aiming for c7.} Kd6 40. Rb7 Rc1 41. Rd7+ Kc5 42. Kb2 {Precision: White = 81%, Black = 31%.} 1-0

[Event "WYCC 2018 O18"]
[Site "Halkidiki"]
[Date "2018.10.21"]
[Round "2"]
[White "Parvanyan, Ashot"]
[Black "Kandil, Adham"]
[Result "1/2-1/2"]
[WhiteElo "2428"]
[BlackElo "2292"]
[Annotator "TA"]
[PlyCount "105"]
[EventDate "2018.10.20"]
[EventType "swiss"]
[EventCountry "GRE"]
[SourceTitle "playchess.com"]
[Source "ChessBase"]
[SourceQuality "1"]

{[%evp 25,105,62,71,64,66,74,74,68,59,67,76,55,77,61,64,43,54,29,50,0,5,-17,0,0,0,-14,-26,-84,-77,-94,-87,-75,-102,-60,-22,-19,27,29,29,30,52,0,0,0,259,0,0,0,0,-220,-216,-654,-650,-654,-650,-634,-638,-764,-749,-728,-709,-823,-802,-910,-922,-896,-870,-857,-789,-865,0,0,0,0,0,0,0,0,0,0,0,0]} 1. e4 c5 2. Nf3 d6 3. d4 cxd4 4. Nxd4 Nf6 5. Nc3 a6 6. Be3 e5 7. Nf3 Qc7 8. a4 Be6 9. a5 Nbd7 10. Ng5 {B90: Sizilianisch (Najdorf-Variante, Abweichungen)} Bc4 11. Bxc4 Qxc4 12. Ra4 Qc6 13. Qd3 (13. O-O Be7 14. Nf3 O-O 15. Qd3 Nc5 16. Bxc5 Qxc5 {1-0 (46) Kovchan,A (2596)-Assaubayeva,B (2421) Trieste 2017}) 13... Rc8 {LiveBook: 3 Partien} 14. O-O Be7 15. Nf3 {[%cal Bg5f3,Bf3d2,Bd2c4,Bc4e3][%mdl 32]} O-O 16. Nd2 Nc5 $146 ({Vorgänger:} 16... Rcd8 17. Rc4 Nc5 {½-½ (53) Shtyrenkov,V (2435)-Sobek,J (2303) Karvina 2007}) 17. Bxc5 $1 dxc5 18. Nc4 Rcd8 19. Qf3 Qe6 20. Ne3 Rd4 21. Raa1 g6 22. Rfe1 c4 23. Ra4 Bd8 24. Ned5 Nxd5 25. exd5 Qd6 26. Re4 (26. Qe2 $11) 26... f5 $17 27. Rxd4 exd4 28. Ne2 Qc5 $1 29. Nf4 Qb5 30. b3 $1 d3 31. Rxc4 d2 32. Rd4 $1 {[%cal Rd4d2]} Bxa5 33. h4 ({Besser ist} 33. Ne6 $14) 33... Qc5 $1 $40 {[%csl LRc2,LRd4][%mdl 128] Weiss muss sich nun genau verteidigen.} 34. Ne6 Qa3 $2 {[%mdl 8192]} (34... Qxc2 $11 35. d6 Bb6) 35. b4 $2 (35. d6 $1 $18 Qa1+ 36. Kh2) 35... Qc1+ 36. Kh2 Bb6 $1 {[%cal Rb6d4]} 37. Rd3 $2 (37. Qd3 $11) 37... Qe1 $1 $19 38. Nc5 $2 (38. Nxf8 Bxf2 39. g3 Kxf8 40. d6 Qg1+ 41. Kh3 Qf1+ 42. Qg2 Qxd3 43. cxd3) 38... Re8 $1 39. d6 {[#] Droht Dd5+ und aus.} Re4 $1 {[%cal Re4h4][%mdl 512]} 40. g3 (40. Nxe4 fxe4) 40... Re2 41. Kg2 d1=Q 42. Rxd1 Qxd1 43. Qb3+ Kg7 44. Qf3 Bxc5 45. bxc5 Kf6 46. Qc3+ {[#]} Kf7 $1 47. Qb3+ {[#]} Re6 $2 (47... Kf8 $1 $19 48. Qc3 Qd5+ 49. Kf1 Re5) 48. Qxb7+ $11 {Die Stellung ist ausgeglichen.} Kf6 {Und weiter mit ...f4 wäre nett.} 49. Qb2+ $1 Kf7 {...Dd5+ ist eine echte Drohung.} 50. Qb7+ Kf8 {Droht stark ...Te1.} 51. Qc8+ Kf7 $1 52. Qb7+ Kf6 {Und ...f4 würde nun gewinnen.} 53. Qb2+ $1 {Precision: Weiß = 52%, Schwarz = 78%.} 1/2-1/2

[Event "WYCC 2018 O18"]
[Site "Halkidiki"]
[Date "2018.10.21"]
[Round "2"]
[White "Ayats Llobera, Gerard"]
[Black "Rengifo Blancas, Renzo Jhonathan"]
[Result "1-0"]
[WhiteElo "2399"]
[BlackElo "2123"]
[Annotator "TA"]
[PlyCount "73"]
[EventDate "2018.10.20"]
[EventType "swiss"]
[EventCountry "GRE"]
[SourceTitle "playchess.com"]
[Source "ChessBase"]
[SourceQuality "1"]

{[%evp 24,73,72,68,106,75,75,78,70,0,0,3,80,72,110,104,111,103,111,102,110,58,69,0,0,8,66,57,214,234,597,606,535,345,314,339,702,512,772,700,1059,1031,29978,5908,29981,29982,29981,29982,29965,6470,29985,29986]} 1. e4 e5 2. Nf3 Nc6 3. Bb5 a6 4. Ba4 Nf6 5. O-O Be7 6. Re1 b5 7. Bb3 d6 8. c3 {[%cal Bc2c3,Bc3c4][%mdl 32]} O-O 9. h3 Nb8 {[%cal Bc6b8,Bb8d7,Bd7c5][%mdl 32]} 10. d4 Nbd7 11. c4 Bb7 12. Nc3 {C95: Spanische Partie (Breyer-Variante)} b4 13. Nd5 {LiveBook: 5 Partien} Re8 (13... a5 14. Ba4 c6 15. Nxf6+ Bxf6 16. Be3 Qc7 17. d5 c5 18. Bc2 Nb6 19. Bd3 a4 {1-0 (63) Zhigalko,S (2656)-Nguyen,N (2634) Berlin 2015}) 14. Nxe7+ {Weiß steht besser.} Qxe7 15. d5 Nc5 16. Bg5 $146 (16. Bc2 $14) ({Vorgänger:} 16. Bc2 Nfd7 17. Re3 a5 18. a4 b3 19. Bxb3 Ba6 {0-1 (50) Agdelen,H (1847)-Buker,M (2068) Kemer 2014}) 16... h6 $11 17. Bh4 c6 (17... Reb8 $11 {hält das Gleichgewicht.}) 18. Bc2 $16 g5 {[#]} 19. Nxg5 $1 {[%mdl 512]} hxg5 20. Bxg5 {Und Te3 würde nun gewinnen.} Ncd7 21. Ba4 {[%mdl 1024] Weiss hat starke Kompensation.} Rac8 22. Re3 (22. Qf3 $16 {Droht stark Dg3.} Kh8 23. Qg3) 22... Kh8 $1 $14 23. Rf3 (23. h4 $14) 23... Rg8 $11 24. Rf5 Rg6 (24... Rxg5 $11 25. Rxg5 Nf8) 25. Qf3 $1 $14 Rc7 $2 (25... Rxg5 $14 26. Rxg5 Nh7) 26. h4 $18 {[%cal Bh3h4,Bh4h5][%mdl 32]} cxd5 $2 (26... Kg8 {ist zäher.} 27. h5 Rxg5 28. Rxg5+ Kh8) 27. cxd5 Kg7 {beabsichtigt ...Sc5.} 28. h5 Rxg5 29. Rxg5+ Kf8 $2 (29... Kh7 30. Rf5 Bc8) 30. h6 Qd8 (30... Nh7 $142) 31. Rf5 {Schwarz muss nun Lxd7 beachten.} Nc5 32. Rxf6 Nxa4 33. Qf5 Nc5 34. Qg5 Nxe4 {[#]} 35. Rxf7+ $1 {[%mdl 512]} Kxf7 (35... Rxf7 36. Qxd8#) 36. Qxd8 Re7 37. h7 {Precision: Weiß = 81%, Schwarz = 22%.} 1-0

[Event "WYCC 2018 O18"]
[Site "Halkidiki"]
[Date "2018.10.21"]
[Round "2"]
[White "Bronstein, Or"]
[Black "Martinez Fernandez, Adrian"]
[Result "1-0"]
[WhiteElo "2385"]
[BlackElo "2277"]
[Annotator "TA"]
[PlyCount "99"]
[EventDate "2018.10.20"]
[EventType "swiss"]
[EventCountry "GRE"]
[SourceTitle "playchess.com"]
[Source "ChessBase"]
[SourceQuality "1"]

{[%evp 20,99,44,30,34,24,24,25,20,22,85,21,20,18,27,27,21,26,27,16,45,27,28,0,10,15,16,10,29,18,20,29,91,92,93,94,95,131,158,158,158,158,260,260,258,254,254,251,248,236,645,665,552,526,628,614,1296,1305,714,492,2100,1970,2785,2079,29979,29980,29981,29982,29982,29983,29983,29984,29984,29985,29986,29980,29980,29980,29988,29989,29989,29990]} 1. c4 c5 2. Nf3 Nc6 3. d4 cxd4 4. Nxd4 g6 5. e4 Nf6 6. Nc3 d6 7. Be2 Nxd4 8. Qxd4 Bg7 9. O-O O-O 10. Qd3 Be6 11. Be3 Nd7 {B36: Sicilian: Maroczy Bind: Gurgenidze System} 12. Bd4 Nc5 13. Qe3 Bxd4 {White has an edge.} 14. Qxd4 a5 (14... Qb6 $11) 15. b3 (15. e5 $16) 15... Qb6 $11 16. Rab1 (16. f4 f6 17. Kh1 a4 18. Rab1 axb3 19. axb3 {1-0 (41) Baghdasaryan,V (2452)-Grigoryan,K (2604) Yerevan 2016}) 16... Na4 $146 ({Predecessor:} 16... Nd7 17. Qd2 Rfc8 18. Kh1 Qb4 19. f4 {0-1 (52) Kalashnikov,K (2415)-Permiakov,V (2362) Novokuznetsk 2003}) 17. Qxb6 Nxb6 18. f4 Bd7 19. g4 Ra7 20. g5 a4 21. f5 axb3 22. Rxb3 Nc8 23. h4 Bc6 24. a3 Ra5 25. Nd5 $36 {[%mdl 2048] White has some pressure.} Bxd5 (25... e6 $11 {remains equal.}) 26. exd5 $16 b6 27. Bg4 Ra4 28. Rf4 Kg7 29. f6+ exf6 30. gxf6+ Kg8 (30... Kh6 $16 {was worth a try.} 31. Kg2 Ra5) 31. Bd7 $18 Ra7 32. Bc6 h5 33. Re4 Rc7 34. Rbe3 {Threatens to win with Re7!} Kh7 $2 {[#]} (34... Na7) 35. Re8 Rxe8 36. Rxe8 {[%mdl 4096] Endgame KRB-KRN} ({Worse is} 36. Bxe8 g5 $11) 36... g5 37. hxg5 Kg6 38. Rg8+ Kf5 39. c5 {Hoping for Rxc8!} dxc5 {[#]} (39... Ke5 $142 40. cxb6 Nxb6) 40. Rxc8 $1 {[%mdl 512]} Rxc8 41. Bd7+ Kxg5 42. Bxc8 {White mates.} Kxf6 {KB-KP} 43. d6 b5 44. Kf2 b4 45. axb4 cxb4 46. Ke2 h4 47. Bh3 b3 48. Kd2 Ke5 49. d7 b2 50. Kc2 {Precision: White = 61%, Black = 46%.} 1-0

[Event "WYCC 2018 O18"]
[Site "Halkidiki"]
[Date "2018.10.21"]
[Round "2"]
[White "Muha, Miljenko"]
[Black "Beukema, Jasper"]
[Result "0-1"]
[WhiteElo "2365"]
[BlackElo "2256"]
[Annotator "TA"]
[PlyCount "51"]
[EventDate "2018.10.20"]
[EventType "swiss"]
[EventCountry "GRE"]
[SourceTitle "playchess.com"]
[Source "ChessBase"]
[SourceQuality "1"]

{[%evp 16,51,43,0,20,0,0,0,0,-28,0,-8,-2,-46,-38,-123,-97,-99,-116,-154,-144,-150,-98,-184,-172,-386,-402,-599,-599,-534,-505,-617,-602,-609,-590,-5493,-1394,-1371]} 1. Nf3 f5 2. d4 e6 3. g3 Nf6 4. Bg2 Be7 5. O-O O-O 6. c4 d6 7. Nc3 Ne4 8. Qc2 Nxc3 9. bxc3 Nc6 {A96: Classical Dutch: Fluid Systems: Early deviations} 10. Rd1 (10. d5 Na5 11. dxe6 Bxe6 12. Nd4 Bxc4 13. Nxf5 Bf6 14. Ne3 Bf7 15. Be4 h6 16. Rb1 Kh8 17. c4 {½-½ (25) Ding,L (2777)-Kravtsiv,M (2665) Tbilisi 2017}) 10... Qe8 11. e4 e5 {The position is equal.} 12. c5 Kh8 $146 ({Predecessor:} 12... f4 13. cxd6 cxd6 14. Rb1 Qh5 15. Rd3 Kh8 16. Ba3 Bg4 17. Rxb7 fxg3 18. hxg3 Bxf3 19. Bxf3 Rxf3 20. Rxf3 Qxf3 {0-1 (32) Pavlovic,M (2537)-Novoselski,Z (2388) Subotica 2008}) 13. cxd6 cxd6 14. dxe5 dxe5 15. Re1 (15. Rb1 $15) 15... f4 16. gxf4 exf4 17. e5 Be6 18. Qe4 Qf7 ({Better is} 18... Rd8 19. Bb2 Bd5) 19. Rd1 (19. Nd4 $17) 19... Qh5 $19 20. Bxf4 $2 {[#]} (20. c4 {was worth a try.}) 20... Qg4 21. Nd4 (21. h3 $142 Qxf4 22. Qxf4 Rxf4 23. Nd4) 21... Rxf4 {Black is clearly winning.} 22. Qe3 Nxd4 23. cxd4 Bd5 {[%csl Gd5][%cal Rg4g2] [#]} 24. Qg3 Bh4 25. Bxd5 {next Qxg4 is good for White.} Bxg3 26. hxg3 {Precision: White = 12%, Black = 89%.} 0-1